| 000 | 00737nam a22002177a 4500 | ||
|---|---|---|---|
| 999 |
_c18034 _d18034 |
||
| 003 | AR-CdUCM | ||
| 008 | 190511b ||||| |||| 00| 0 spa d | ||
| 040 |
_aMUNICIPALIDAD PROVINCIAL DEL CUSCO _cBIBLIOTECA MUNICIPAL DEL CUSCO |
||
| 082 |
_a362.73 / _bE78 |
||
| 100 |
_aEscardó, F _938371 |
||
| 245 | _aHospitalismo / | ||
| 260 |
_aBuenos Aires : _bEudeba, _c1964. |
||
| 300 |
_a59 páginas ; _c20 cm. |
||
| 505 | _a Contenido : Clinica de hospitalismo -- Las objeciones y la residencia -- Un camino difícil pero irreversible. | ||
| 650 |
_aDoctrina pediátrica _938372 |
||
| 650 |
_aPensamiento médico _938373 |
||
| 650 |
_aDoctrina psicológica _938374 |
||
| 700 |
_aGiberti, Eva _913970 |
||
| 942 |
_2ddc _cLIBROS |
||
| 945 | _arcc | ||